000
00263nam a2200145Ia 4500
100
_a
Sharma/Robin
942
_c
BK
366
_f
25
245
_a
Family wisdom
260
_b
Jaico
_c
2017
082
_b
SHA
300
_a
197
546
_a
ENGLISH
999
_c
30378
_d
30378